000
00230nam a22001097a 4500
999
_c
260834
_d
260833
020
_a
9780545297240
100
_a
Cynthia Willis
245
_a
Dog Gone
260
_a
New York
_b
Scholastic
_c
2008
300
_a
217 pgs.
942
_c
BK